Astrophysical ages and dating methodes (Record no. 9957)

MARC details
000 -LEADER
fixed length control field 00607nam a2200193Ia 4500
003 - CONTROL NUMBER IDENTIFIER
control field IN-BaIIA
008 - FIXED-LENGTH DATA ELEMENTS--GENERAL INFORMATION
fixed length control field 211028s9999 xx 000 0 eng d
020 ## - INTERNATIONAL STANDARD BOOK NUMBER
International Standard Book Number 2-86332-069-6
040 ## - CATALOGING SOURCE
Transcribing agency IIA Library
080 ## - UNIVERSAL DECIMAL CLASSIFICATION NUMBER
Universal Decimal Classification number 524-338
Item number VAN
245 #0 - TITLE STATEMENT
Title Astrophysical ages and dating methodes
Statement of responsibility, etc. edited by E. Vangioni-Flam.
260 ## - PUBLICATION, DISTRIBUTION, ETC.
Place of publication, distribution, etc. France
Name of publisher, distributor, etc. Editions Frontiers
Date of publication, distribution, etc. 1990
300 ## - PHYSICAL DESCRIPTION
Extent xvi, 507p.
650 ## - SUBJECT ADDED ENTRY--TOPICAL TERM
Topical term or geographic name entry element Astronomy and Astrophysics Thesaurus
650 ## - SUBJECT ADDED ENTRY--TOPICAL TERM
Topical term or geographic name entry element Astrophysical Ages
9 (RLIN) 16902
650 ## - SUBJECT ADDED ENTRY--TOPICAL TERM
Topical term or geographic name entry element Astrophysical Dating
9 (RLIN) 16903
700 ## - ADDED ENTRY--PERSONAL NAME
Personal name Vangioni-Flam, E., ed.
9 (RLIN) 16904
942 ## - ADDED ENTRY ELEMENTS (KOHA)
Koha item type Books
952 ## - LOCATION AND ITEM INFORMATION (KOHA)
-- 70
Holdings
Withdrawn status Lost status Damaged status Not for loan Home library Current library Shelving location Date acquired Total Checkouts Full call number Barcode Date last seen Price effective from Koha item type
        IIA Library-Bangalore IIA Library-Bangalore General Stacks     524-338/ VAN 10867 05/11/2021   Books

Powered by Koha